Menaḥem-Mendl (Record no. 30614)
[ view plain ]
| 000 -LEADER | |
|---|---|
| fixed length control field | 00961cam a22002651 4500 |
| 001 - CONTROL NUMBER | |
| control field | he 64000110 |
| 003 - CONTROL NUMBER IDENTIFIER | |
| control field | DLC |
| 005 - DATE AND TIME OF LATEST TRANSACTION | |
| control field | 20260227111424.0 |
| 008 - FIXED-LENGTH DATA ELEMENTS--GENERAL INFORMATION | |
| fixed length control field | 790419s1963 ag ach 000 0 yid |
| 010 ## - LIBRARY OF CONGRESS CONTROL NUMBER | |
| LC control number | he 64000110 |
| 035 ## - SYSTEM CONTROL NUMBER | |
| System control number | (OCoLC)10244143 |
| 040 ## - CATALOGING SOURCE | |
| Original cataloging agency | DLC |
| Transcribing agency | RPB |
| Modifying agency | DLC |
| 042 ## - AUTHENTICATION CODE | |
| Authentication code | premarc |
| 050 00 - LIBRARY OF CONGRESS CALL NUMBER | |
| Classification number | PJ5129.R2 |
| Item number | M43 1963 |
| 100 0# - MAIN ENTRY--PERSONAL NAME | |
| Personal name | Sholem Aleichem, |
| Dates associated with a name | 1859-1916. |
| 245 10 - TITLE STATEMENT | |
| Title | Menaḥem-Mendl |
| Statement of responsibility, etc. | [fun] Shalom Aleikhem. [Araynfir und red. fun Samuel Rozshanski] |
| 260 ## - PUBLICATION, DISTRIBUTION, ETC. | |
| Place of publication, distribution, etc. | Buenos-Aires, |
| Name of publisher, distributor, etc. | Yosef Lifshits-fond fun der literatur-gezelshaft beim Yivo |
| Date of publication, distribution, etc. | [1963] |
| 300 ## - PHYSICAL DESCRIPTION | |
| Extent | 266 [3] p. |
| Other physical details | illus., facsims., ports. |
| Dimensions | 19 cm. |
| 440 #0 - SERIES STATEMENT/ADDED ENTRY--TITLE | |
| Title | Musterverk fun der yidisher literatur, |
| Volume/sequential designation | 17 |
| 500 ## - GENERAL NOTE | |
| General note | Added t. p. in Spanish. |
| 500 ## - GENERAL NOTE | |
| General note | "Tsu der kharakteristik fun Shalom Aleikhem leben un shafen": p. [213-269] |
| 500 ## - GENERAL NOTE | |
| General note | Includes unacc. melodies. |
| 500 ## - GENERAL NOTE | |
| General note | Added t.p.: Menachem Mendl. |
| 700 1# - ADDED ENTRY--PERSONAL NAME | |
| Personal name | Rozshansḳi, Shemuʼel, |
| Dates associated with a name | 1902- |
| Relator term | ed. |
No items available.